000 00824 a2200217 4500
999 _c1795
_d1795
020 _a9780073382258 (alk. paper)
020 _a0073382256 (alk. paper)
050 0 0 _aHG 173 COR 2009
100 1 _aCornett, Marcia Millon.
_eAUTHOR
245 1 0 _aFinance :
_bapplications & theory /
_cMarcia Millon Cornett, Troy A. Adair, Jr., John Nofsinger.
250 _a1st ed.
264 _aBoston
_bMcgraw Hill
_c2009
300 _axxx, 655 p. :
_bcol. ill. ;
500 _aIncludes index.
650 0 _aFinance.
700 1 _aAdair, Troy A.
_q(Troy Alton),
_d1964-
700 1 _aNofsinger, John R.
856 4 1 _3Table of contents only
_uhttp://www.loc.gov/catdir/toc/ecip0818/2008020876.html
942 _2lcc
_cBK
_h173
_iCOR
_kHG